Sự hình thành, tiến hóa và kết thúc một vòng đời của một ngôi sao
Bigbang vá ự ra đời của các ngôi sao [2]. quá trình tiến hóa của sao [1], [8], [12], [14]. Sao khổng lồ đỏ và kết thúc của ngôi sao [6], [9, [10]. Số phận và sự tái sinh của ngôi sao [3], [7], [11], [12], [13], [14]
Uloženo v:
| Hlavní autor: | |
|---|---|
| Další autoři: | |
| Médium: | Kniha |
| Jazyk: | Vietnamese |
| Vydáno: |
Đại học Đà Nẵng
Trường đại học Sư Phạm
2010
|
| Edice: | Khóa luận tốt nghiệp đại học. Chuyên ngành: Sư phạm Lý
|
| Témata: | |
| Tagy: |
Přidat tag
Žádné tagy, Buďte první, kdo otaguje tento záznam!
|
| Thư viện lưu trữ: | Mạng thư viện Đại học Đà Nẵng |
|---|
| LEADER | 01564nam a2200349 4500 | ||
|---|---|---|---|
| 001 | 000012143 | ||
| 003 | 8431 | ||
| 005 | 20120216080202.0 | ||
| 008 | 120216s2010 viesd | ||
| 041 | |a vie | ||
| 072 | |a Khóa luận tốt nghiệp | ||
| 082 | |a 523.8 |b HO-T | ||
| 100 | |a Hoàng, Thị Thủy | ||
| 245 | |a Sự hình thành, tiến hóa và kết thúc một vòng đời của một ngôi sao |c Hoàng, Thị Thủy | ||
| 260 | |a Đại học Đà Nẵng |b Trường đại học Sư Phạm |c 2010 | ||
| 300 | |a 50 tr. |b hình mhọa |c 29 cm | ||
| 490 | |a Khóa luận tốt nghiệp đại học. Chuyên ngành: Sư phạm Lý | ||
| 500 | |a Tham khảo tr.50 | ||
| 520 | |a Bigbang vá ự ra đời của các ngôi sao [2]. quá trình tiến hóa của sao [1], [8], [12], [14]. Sao khổng lồ đỏ và kết thúc của ngôi sao [6], [9, [10]. Số phận và sự tái sinh của ngôi sao [3], [7], [11], [12], [13], [14] | ||
| 653 | |a Khóa luận tốt nghiệp đại học | ||
| 653 | |a Khoa Vật lý | ||
| 700 | |a Trương, Thành |c Th.S |e Hướng dẫn | ||
| OWN | |a LSP | ||
| AVA | |a UDN50 |b LSP |d 523.8 HO-T |e available |t Error 5001 Not defined in file expand_doc_bib_avail. |f 1 |g 0 |h N |i 0 |k 1 | ||
| 999 | |a From the UDN01 | ||
| AVA | |a UDN50 |b LSP |d 523.8 HO-T |e available |t Error 5001 Not defined in file expand_doc_bib_avail. |f 1 |g 0 |h N |i 0 |k 1 | ||
| TYP | |a Monograph | ||
| TYP | |a Printed language | ||
| 980 | |a Mạng thư viện Đại học Đà Nẵng | ||